000 00295nam a22001337a 4500
008 181006b xxu||||| |||| 00| 0 eng d
020 _a9780669297966
041 _aeng
080 _22nd
_a941
100 _a17
101 _aHIS
245 _aThe Enduring Vision
_cBlumbers, B
942 _2udc
_cBK
999 _c48955
_d48955